000 00676nam a2200217Ii 4500
003 JO-AjNU
008 230606s9999||||xx |||||||||||||| ||und||
020 _a978-0-521-71740-3
040 _aJO-AjNU
_beng
_erda
_cJO-AjNU
041 _aeng
050 1 4 _aPE1133.R55 2010
100 3 _aتأليف Roach,Peter,
_eauthor
_92324
245 0 0 _aEnglish Phonetics and Phonology :A Practical Course
250 _a3 ed
264 3 1 _aNew York:Cambridge University Press,2010
300 _a231p
336 _atext
_btxt
_2rdacontent
337 _aunmediated
_bn
_2rdamedia
338 _avolume
_bnc
_2rdacarrier
650 4 _aEnglish Phonetics and Phonology -A Practical Course
_92325
999 _aE1220
_c1220
_d1220